| 000 | 00915cam a2200265 4500 | ||
|---|---|---|---|
| 001 | 2108 | ||
| 005 | 20250710113207.0 | ||
| 020 | _a9780142405956 | ||
| 040 |
_aDLC _cDLC _dDLC _beng |
||
| 050 | 0 | 0 | _aPZ7.S65762 |
| 082 | 0 | 0 | _a813 |
| 100 | 1 |
_aSmith, Robert Kimmel _d1930-2020 _eauthor |
|
| 245 | 1 | 0 |
_aChocolate fever / _cby Smith , robert Kimmel ; illustrated by Fiammenghi, Gioia |
| 260 |
_aNew York : _bPuffin Books ; _c1972. |
||
| 300 |
_a93 pages : _billustrations ; _c19 cm |
||
| 505 | _aR | ||
| 520 | _aFrom eating too much chocolate, Henry breaks out in brown bumps that help him foil some hijackers and teach him a valuable lesson about self-indulgence. | ||
| 521 |
_a680 _bLexile |
||
| 521 |
_aR
_bRaz-Plus |
||
| 650 | 1 |
_aChocolate _xFiction. |
|
| 650 | 1 | _aHumorous stories. | |
| 700 | 1 |
_aFiammenghi, Gioia _eillustrator |
|
| 906 |
_a7 _bcbc _corignew _d2 _encip _f19 _gy-gencatlg |
||
| 942 |
_2ddc _cBK _n0 |
||
| 999 |
_c2108 _d2108 |
||